000 00328nam a22001217a 4500
008 230120b |||||||| |||| 00| 0 eng d
082 _aN915.426/T846d
100 _aTripathi, sudha ed.
245 _aDolakha darpan.
260 _aKathmandu:
_bDolakha Sahitya Samaj,
_c2051.BS.
650 _aNepal-geography
942 _2ddc
_cG-NC
999 _c106973
_d106961